000 00435nam a22001697a 4500
003 koha_MIRAKIL
005 20231213065236.0
008 231213b |||||||| |||| 00| 0 ||| d
040 _aTR-IsEVY
_btur
_cTR-IsEVY
082 _a720 AYV/İ
100 _aAYVERDİ, E.HAKKI.
245 0 _aİLK 250 SENENİN OSMANLI MİMARİSİ.
260 _bİST.FETİH CEMİYETİ,
_c1976
300 _a[ ] p.
650 _aMimarlık.
942 _2ddc
_cBK
999 _c295
_d295